000 00311nam a2200109Ia 4500
008 171211s9999 xx 000 0 und d
245 _aSex, or the Unbearable (Theory Q)
245 _cLauren Berlant, Lee Edelman
260 _c2014
650 _xSexuality
856 _uhttp://down.ebook777.com/060/0060085126.pdf
999 _c350656
_d350656